000 00556nab a2200205 a 4500
005 20210219155216.0
008 991125s1985 mx 000 0 spa u
035 _aUPN01000140686
100 1 _aGaraventa, Jorge
222 _aENSAYOS Y EXPERIENCIAS
245 _aUna mirada global sobre el maltrato y el abuso sexual a niñas, niños y adolescentes
260 _aMéxico
300 _a63-87
362 0 _a2005 No. 57
653 0 _aABUSO SEXUAL
653 0 _aNIÑOS
653 0 _aADOLESCENTES
653 0 _aMALTRATO FISICO
905 _aArticulo
999 _c112834
_d112834